Cuba: La Naturaleza y el hombre / (Record no. 3056)

000 -CABECERA
fixed length control field 00866nam a22002057a 4500
003 - IDENTIFICADOR DEL NÚMERO DE CONTROL
control field AR-CdUCM
008 - DATOS DE LONGITUD FIJA--INFORMACIÓN GENERAL
fixed length control field 190305b ||||| |||| 00| 0 spa d
040 ## - FUENTE DE LA CATALOGACIÓN
Agencia/entidad que catalogó originalmente la obra MUNICIPALIDAD PROVINCIAL DEL CUSCO
Entidad que transcribió la catalogación BIBLIOTECA MUNICIPAL DEL CUSCO
082 ## - NÚMERO DE LA CLASIFICACIÓN DECIMAL DEWEY
No. de Clasificación 978 /
Notacion interna N74
100 ## - ENTRADA PRINCIPAL--NOMBRE DE PERSONA
Nombre Personal Nuñes Jimenez, Antonio
245 ## - MENCIÓN DE TÍTULO
Título Cuba: La Naturaleza y el hombre /
260 ## - PUBLICACIÓN, DISTRIBUCIÓN, ETC.
Lugar de publicación, distribución, etc. Cuba :
Nombre de la editorial, distribuidor, etc. Letras Cubanas ,
Fecha de publicación, distribución, etc. 1984.
300 ## - DESCRIPCIÓN FÍSICA
Nº de Páginas Extensión 702 páginas ;
Dimensiones 24.5 cm
505 ## - NOTA DE CONTENIDO CON FORMATO
Nota de contenido formateada Contenido : La Bahia de Jagua -- De Playa Girón a la Bahía de Cochinos -- La Mar Blanca -- El Espejismo de la Suspension -- Navegando con el Cosmonauta Shatalov -- Con Rapul en el cabezo del Zambo -- Bautizo en los cayos blancos del sur -- La ensenada de la Broa...
650 ## - PUNTO DE ACCESO ADICIONAL DE MATERIA--TÉRMINO DE MATERIA
Descriptor Geografia Descriptiva
9 (RLIN) 10375
650 ## - PUNTO DE ACCESO ADICIONAL DE MATERIA--TÉRMINO DE MATERIA
Descriptor Cuba
9 (RLIN) 1821
650 ## - PUNTO DE ACCESO ADICIONAL DE MATERIA--TÉRMINO DE MATERIA
Descriptor Memorias de Cuba
9 (RLIN) 10376
942 ## - ELEMENTOS DE PUNTO DE ACCESO ADICIONAL (KOHA)
Fuente de clasificación
Tipo de item Libros-BMC
945 ## - PROCESAMIENTO DE INFORMACIÓN LOCAL (OCLC)
Catalogador rtm
Holdings
Estado de retiro (separado) Fuente de clasificación o esquema de estanterías Estado dañado Ubicación Sala donde se ubica Nombre de la colección Fecha de adquisición o compra Signatura topográfica Código de Barras Última vez visto (Koha) Tipo de ítem (Koha) Costo, precio normal en soles
No     Sala Humanidades Sala Humanidades Book Cart 2019-03-05 978 / N74 / t.2 SH0000003444 2019-03-05 Libros-BMC  
No     Sala Humanidades Sala Humanidades Book Cart 2019-03-12 978 / N74 / t.1 SH0000005075 2019-03-12 Libros-BMC 40.00

Powered by Koha